|
|
|
|
| LEADER |
00000nam0a2200000 4500 |
| 001 |
363268 |
| 005 |
20231102011555.0 |
| 035 |
|
|
|a (RuTPU)RU\TPU\retro\20615
|
| 035 |
|
|
|a RU\TPU\book\301691
|
| 090 |
|
|
|a 363268
|
| 100 |
|
|
|a 20210924d1980 m y0rusy5003 ca
|
| 101 |
0 |
|
|a rus
|
| 102 |
|
|
|a RU
|
| 105 |
|
|
|a a j 001zy
|
| 200 |
1 |
|
|a Механические испытания металлов
|e учебное пособие для технических училищ
|f И. И. Жуковец
|
| 210 |
|
|
|a Москва
|c Высшая школа
|d 1980
|
| 215 |
|
|
|a 191 с.
|c ил.
|
| 225 |
1 |
|
|a Профтехобразование. Материаловедение
|
| 320 |
|
|
|a Библиогр.: с. 189
|
| 606 |
1 |
|
|a Металлы
|x Испытание на прочность
|2 stltpush
|3 (RuTPU)RU\TPU\subj\43081
|9 62656
|
| 610 |
1 |
|
|a механические испытания
|
| 610 |
1 |
|
|a напряжение
|
| 610 |
1 |
|
|a деформация
|
| 610 |
1 |
|
|a статистические испытания
|
| 610 |
1 |
|
|a усталость
|
| 610 |
1 |
|
|a износ
|
| 610 |
1 |
|
|a неметаллические материалы
|
| 610 |
1 |
|
|a организация труда
|
| 610 |
1 |
|
|a динамические испытания
|
| 610 |
1 |
|
|a длительные статические нагрузки
|
| 610 |
1 |
|
|a механические свойства
|
| 610 |
1 |
|
|a учебные пособия
|
| 675 |
|
|
|a 669 :620.17(075.32)
|z rus
|v 4
|
| 700 |
|
1 |
|a Жуковец
|b И. И.
|g Инна Иосифовна
|4 070
|
| 801 |
|
0 |
|a RU
|b RuMRKP
|c 19950704
|g psbo
|
| 801 |
|
1 |
|a RU
|b 63413507
|c 20141211
|
| 801 |
|
2 |
|a RU
|b 63413507
|c 20210924
|g RCR
|
| 942 |
|
|
|c BK
|